| 000 | 00693nam a2200217Ia 4500 | ||
|---|---|---|---|
| 008 | 160517s9999 xx 000 0 und d | ||
| 050 | _aBF 698 | ||
| 050 | _b.D321 2016 | ||
| 100 | _ade Guzman, Shazafras Jeremy D. | ||
| 245 | _aLevels of neurotic behavior and self-esteem of children in conflict with the law at marillac hills national training school for the girls / | ||
| 245 | _cShazafras Jeremy D. de Guzman. | ||
| 260 | _aLas PiƱas, Philippines : | ||
| 260 | _bSISC, | ||
| 260 | _c2016. | ||
| 300 | _a63 pages : | ||
| 300 | _billustrations ; | ||
| 300 | _c28 cm. | ||
| 500 | _aIncludes bibliographical references and appendices. | ||
| 521 | _aPsychology | ||
| 942 | _cTH | ||
| 999 |
_c293994 _d293994 |
||